| 000 | 02437nam a22006497a 4500 | ||
|---|---|---|---|
| 003 | OSt | ||
| 005 | 20230413125126.0 | ||
| 008 | 221006b |||||||| |||| 00| 0 eng d | ||
| 040 | _cBiblioteca Lado V | ||
| 082 |
_a700 _bK41a |
||
| 100 |
_9797 _aKerraoul, Jean Pierre de _eeditor _edirector |
||
| 245 |
_aArtpress/ _bSpecial/ |
||
| 260 |
_bCourt Gallerie _c2001 _aParis |
||
| 300 |
_c21x28cm _a170p. |
||
| 366 | _eeng | ||
| 366 | _efre | ||
| 490 |
_v01 _v2001 _a22 _x0245 5676 |
||
| 505 | _tEcosystemes du monde de l'art | ||
| 505 | _tL'art, et la terre sous le ciel | ||
| 505 | _tLe papillon schizopherene | ||
| 505 | _tUn marche d l'art en pleine mutation | ||
| 505 | _tLettre a un jeune artiste | ||
| 505 | _tL'effect bande-annonce | ||
| 505 | _tL'enseigment artistique | ||
| 505 | _tL'art dans les nouveaux espaces de sociabilite | ||
| 505 | _tArt, musee et nouveaux espaces de sociabilite | ||
| 505 | _tArt, musee et nouvelles technologies | ||
| 505 | _tL'artiste mediateur | ||
| 505 | _tOuverture apres travaux | ||
| 505 | _tPour une litterature internationale | ||
| 505 | _tD'une etrange pratique du centre national du livre | ||
| 505 | _tLa double vitesse du marche de l'art contemporain | ||
| 505 | _tTout doit disparatre | ||
| 505 | _tMondialisation, globalisation, metissages... | ||
| 505 | _tlES CHEMINS DE LA RECONNAISSANCE | ||
| 505 | _tEconomics Art, l'heure du bilan | ||
| 505 | _tLes petits salaires du monde de l'art | ||
| 505 | _tlE DESING COMME CULTURE DU PROJET | ||
| 505 | _tDu temps expose | ||
| 505 | _tLes Zines innommables | ||
| 505 | _tArchitecture: de la necessite au hasard | ||
| 505 | _tDes lieux alternatifs la ou il faut | ||
| 505 | _tPourquoi des fondations? | ||
| 505 | _tWest - East Side Story | ||
| 505 | _tParadoxes de la mondialisation | ||
| 505 | _tBibliographie | ||
| 650 |
_2Tesauro de Arte & Arquitectura _aARTE _9703 |
||
| 650 |
_2Tesauro de Arte & Arquitectura _aEXPOSICIONES |
||
| 650 |
_2Tesauro de Arte & Arquitectura _aBIENAL |
||
| 650 |
_2Tesauro de Arte & Arquitectura _aAPRECIACION |
||
| 650 |
_2Tesauro de Arte & Arquitectura _aTEORIA |
||
| 650 |
_2Tesauro de Arte & Arquitectura _aCRITICA |
||
| 650 |
_2Tesauro de Arte & Arquitectura _aFOTOGRAFIA _9702 |
||
| 650 |
_2Tesauro de Arte & Arquitectura _aLITERATURA |
||
| 650 |
_2Tesauro de Arte & Arquitectura _aPARIS |
||
| 942 |
_2ddc _c1 _h700 _iK41a _n0 |
||
| 999 |
_c3364 _d3364 |
||